国(地域)別在留邦人数 TOP50 - Statistics

General Stats
  • This quiz has been taken 175 times
  • The average score is 44 of 50
Answer Stats
順位 人数 Answer % Correct
1 414,615 米国
100%
24 8,197 インド
100%
2 101,786 中国
99%
6 64,970 英国
99%
8 42,547 韓国
99%
10 36,204 フランス
99%
16 15,510 インドネシア
99%
49 1,003 ロシア
99%
50 872 ポルトガル
99%
3 99,830 オーストラリア
98%
4 75,112 カナダ
98%
7 46,902 ブラジル
98%
14 20,620 ニュージーランド
98%
15 18,949 ベトナム
98%
19 11,856 イタリア
98%
20 10,864 アルゼンチン
97%
21 10,253 メキシコ
97%
42 1,580 チリ
96%
5 72,308 タイ
95%
9 42,079 ドイツ
95%
13 20,657 マレーシア
95%
23 9,712 スペイン
95%
11 31,366 シンガポール
92%
12 21,102 台湾
92%
26 4,590 スウェーデン
92%
41 1,752 トルコ
92%
43 1,508 ノルウェー
92%
18 11,940 スイス
91%
37 2,257 フィンランド
91%
17 12,989 フィリピン
89%
29 3,247 オーストリア
89%
30 3,215 カンボジア
89%
38 2,136 ポーランド
89%
39 1,996 デンマーク
89%
22 10,134 オランダ
88%
47 1,065 南アフリカ
87%
25 5,383 ベルギー
85%
31 3,130 ペルー
81%
32 3,036 アイルランド
81%
36 2,323 ミャンマー
80%
27 4,546 アラブ首長国連邦
79%
48 1,009 パキスタン
79%
46 1,122 バングラデシュ
78%
35 2,584 チェコ
77%
45 1,264 コロンビア
76%
40 1,993 ハンガリー
71%
44 1,270 イスラエル及び西岸・ガザ地区等
60%
28 3,757 パラグアイ
54%
34 2,702 ボリビア
52%
33 2,991 グアム
11%
No matching quizzes found
Score Distribution
Percent of People with Each Score
Percentile by Number Answered
Your Score History
You have not taken this quiz